000 00831nam0a22002771 4500
001 rc\4062132
005 20250611074629.0
021 _aRU
_b[54-54411]
035 _a(NLR Aleph) 008113609
090 _a9319880
_c9319880
100 _a20130415d1954 |||y0rusy50 ca
101 0 _arus
102 _aRU
105 _ay z |||||
200 1 _aО воспитании в семье
_e(Записки матери)
205 _a3-е изд.
210 _aМосква
_cУчпедгиз
_d1954
215 _a208 с.
_d20
225 1 _aРодителям о воспитании
606 _aВоспитание в семье
_2psbo
700 1 _aМахова
_bК.В.
_gКлавдия Васильевна
801 0 _aRU
_bNLR
_gpsbo
801 1 _aRU
_bELAR
_2rusmarc
852 _aNLR
_jПр20 Г-3/711
942 _cBOOK
980 _aNB